000 00328nam a2200121Ia 4500
008 241028s9999 xx 000 0 und d
041 _aeng
082 _a823 NAR
100 _aNarayanan, Sharada
245 _aTirumurai Glimpses in to Tamil Saiva Poetry
260 _bAmbika Aksharavali
_aChennai
_c2021
300 _a358;. P. 24 cm
999 _c43100
_d43100